[Event "2BLW 1819 SV Oberursel - Bochumer SV 02"]
[Site "?"]
[Date "2018.10.21"]
[Round "1.5"]
[White "Kiese, Matthias"]
[Black "Stork, Oliver"]
[Result "1/2-1/2"]
[WhiteElo "2216"]
[BlackElo "2196"]
[PlyCount "73"]
[EventDate "2018.??.??"]

1. d4 d5 2. c4 e6 3. Nc3 Be7 4. Nf3 Nf6 5. Bg5 h6 6. Bh4 O-O 7. e3 b6 8. Rc1
Bb7 9. Bxf6 Bxf6 10. cxd5 exd5 11. b4 c5 12. dxc5 bxc5 13. bxc5 Nd7 14. Nb5 Rc8
15. Nd6 Rxc5 16. Nxb7 Rxc1 17. Qxc1 Qb6 18. Bd3 Qb4+ 19. Ke2 Qxb7 20. Qb1 Nb6
21. Rc1 Qe7 22. Qb5 d4 23. Qc5 dxe3 24. Qxe7 Bxe7 25. fxe3 Nd5 26. Be4 Nf6 27.
Bb7 Rb8 28. Rc8+ Rxc8 29. Bxc8 Nd5 30. Kd2 Bb4+ 31. Kd3 Ba5 32. a3 Bb6 33. Nd4
Kf8 34. Bb7 Nc7 35. Bc6 g6 36. Nb5 Ke7 37. Nxc7 1/2-1/2

[Event "2BLW 1819 SV Oberursel - Bochumer SV 02"]
[Site "?"]
[Date "2018.10.21"]
[Round "1.6"]
[White "Haubt, Georg"]
[Black "Jellinghaus, Lars"]
[Result "0-1"]
[WhiteElo "2144"]
[BlackElo "2208"]
[PlyCount "86"]
[EventDate "2018.??.??"]

1. d4 e6 2. Nf3 d5 3. Bf4 Bd6 4. Bg3 Nf6 5. e3 b6 6. Nbd2 Bb7 7. Bd3 c5 8. c3
O-O 9. O-O Nc6 10. Ne5 Ne7 11. Bh4 Ng6 12. Nxg6 hxg6 13. f4 Qc7 14. Qb1 a6 15.
Rf3 Bc6 16. Rh3 Bb5 17. Bxb5 axb5 18. Qe1 Nd7 19. Nf3 f6 20. Qb1 Rf7 21. Qxg6
Nf8 22. Qd3 b4 23. cxb4 cxb4 24. Be1 Qc4 25. Qxc4 dxc4 26. Nd2 Rc7 27. Ne4 Be7
28. Rf3 Rca7 29. Rf2 Rxa2 30. Rxa2 Rxa2 31. g4 Nd7 32. f5 Kf7 33. Rd2 exf5 34.
gxf5 Ra5 35. Rc2 Ra1 36. Kf2 b5 37. Ke2 b3 38. Rd2 b4 39. Bg3 Nb6 40. Nd6+ Bxd6
41. Bxd6 c3 42. bxc3 bxc3 43. Rd1 b2 0-1

[Event "2BLW 1819 SV Oberursel - Bochumer SV 02"]
[Site "?"]
[Date "2018.10.21"]
[Round "1.7"]
[White "Pewny, Uwe"]
[Black "Weber, Samuel"]
[Result "0-1"]
[WhiteElo "2202"]
[BlackElo "2141"]
[PlyCount "90"]
[EventDate "2018.??.??"]

1. Nf3 Nf6 2. c4 e6 3. g3 a6 4. Bg2 b5 5. b3 Bb7 6. O-O c5 7. Bb2 Be7 8. Nc3
Qb6 9. Qc2 O-O 10. Rac1 Nc6 11. e3 Rab8 12. Ba1 d6 13. d3 Nd7 14. Qe2 Bf6 15.
Ne1 Ne7 16. f4 Nf5 17. Bxb7 Qxb7 18. Ng2 b4 19. Na4 Bxa1 20. Rxa1 Ne7 21. Rad1
Nb6 22. Nxb6 Qxb6 23. d4 a5 24. d5 exd5 25. cxd5 f5 26. Kh1 Qb5 27. Rfe1 Qxe2
28. Rxe2 a4 29. e4 fxe4 30. Rxe4 Nf5 31. Ne3 Nd4 32. Rb1 axb3 33. axb3 Rfe8 34.
Rxe8+ Rxe8 35. Nc4 Re2 36. Rb2 Rxb2 37. Nxb2 Nxb3 38. Nc4 Kf8 39. Nxd6 Nd2 40.
Nb5 b3 41. Kg2 b2 42. Nc3 b1=Q 43. Nxb1 Nxb1 44. Kf3 Ke7 45. Ke4 Kd6 0-1

[Event "2BLW 1819 SV Oberursel - Bochumer SV 02"]
[Site "?"]
[Date "2018.10.21"]
[Round "1.8"]
[White "Neininger, Ralph"]
[Black "Hinkmann, Jens"]
[Result "1-0"]
[WhiteElo "2105"]
[BlackElo "2108"]
[PlyCount "85"]
[EventDate "2018.??.??"]

1. Nf3 Nc6 2. d4 d5 3. Bf4 Bg4 4. e3 e6 5. h3 Bh5 6. c3 Bd6 7. Bxd6 Qxd6 8. Bb5
Bxf3 9. Qxf3 Nf6 10. Nd2 a6 11. Ba4 O-O 12. Rd1 e5 13. Bxc6 bxc6 14. dxe5 Qxe5
15. O-O Rfb8 16. Nb3 a5 17. Qe2 Rb6 18. Nc5 Rab8 19. Na4 Rb5 20. b3 Ne4 21. Qc2
Rd8 22. c4 Rb4 23. cxd5 cxd5 24. Rc1 Rb7 25. Nc5 Ra7 26. Rfd1 Ng5 27. Nd3 Qf6
28. Nf4 Rd6 29. Qc5 Ra8 30. Rxd5 Ne4 31. Rxd6 Qxf4 32. exf4 Nxc5 33. Rd5 Ne6
34. f5 Nf4 35. Rd2 g5 36. fxg6 hxg6 37. Rxc7 a4 38. Rc4 axb3 39. axb3 g5 40. h4
f6 41. hxg5 fxg5 42. g3 Ng6 43. Rd5 1-0

[Event "2BLW 1819 Aachener SV - SV Mülheim Nor"]
[Site "?"]
[Date "2018.10.21"]
[Round "1.1"]
[White "Hausrath, Daniel"]
[Black "Seel, Christian"]
[Result "1/2-1/2"]
[WhiteElo "2494"]
[BlackElo "2474"]
[PlyCount "42"]
[EventDate "2018.??.??"]

1. Nf3 Nf6 2. g3 g6 3. b3 b6 4. Bg2 Bb7 5. Bb2 Bg7 6. O-O O-O 7. c4 c5 8. Nc3
d5 9. Nxd5 Nxd5 10. Bxg7 Kxg7 11. cxd5 Qxd5 12. d4 Na6 13. Nh4 Qd7 14. dxc5
Qxd1 15. Rfxd1 Bxg2 16. Nxg2 Nxc5 17. Rd4 Rfd8 18. Rad1 Rxd4 19. Rxd4 Ne6 20.
Rd3 Rc8 21. Ne3 Rc1+ 1/2-1/2

[Event "2BLW 1819 Aachener SV - SV Mülheim Nor"]
[Site "?"]
[Date "2018.10.21"]
[Round "1.2"]
[White "Koch, Thomas"]
[Black "Dinstuhl, Volkmar"]
[Result "1-0"]
[WhiteElo "2467"]
[BlackElo "2379"]
[PlyCount "51"]
[EventDate "2018.??.??"]

1. d4 d5 2. c4 e6 3. Nc3 Bb4 4. g3 Nf6 5. Bg2 O-O 6. Nf3 dxc4 7. O-O Nc6 8. Bg5
h6 9. Bxf6 Qxf6 10. Rc1 Rd8 11. e3 Qe7 12. Nd2 Na5 13. a3 Bxc3 14. Rxc3 Bd7 15.
Qh5 Qg5 16. Qe2 Rac8 17. b4 Nc6 18. Rxc4 e5 19. Rc5 b6 20. Rxc6 Bxc6 21. Bxc6
exd4 22. exd4 Qf6 23. d5 a5 24. b5 Rd6 25. Nc4 Rdd8 26. Qe3 1-0

[Event "2BLW 1819 Aachener SV - SV Mülheim Nor"]
[Site "?"]
[Date "2018.10.21"]
[Round "1.4"]
[White "Piceu, Tom"]
[Black "Van Osch, Mees"]
[Result "1/2-1/2"]
[WhiteElo "2342"]
[BlackElo "2286"]
[PlyCount "48"]
[EventDate "2018.??.??"]

1. d4 Nf6 2. c4 g6 3. Nc3 Bg7 4. e4 d6 5. f4 c5 6. d5 O-O 7. Nf3 e6 8. Be2 exd5
9. cxd5 Nbd7 10. O-O Re8 11. Nd2 c4 12. e5 dxe5 13. Nxc4 Nb6 14. fxe5 Nfxd5 15.
Nd6 Nxc3 16. bxc3 Rf8 17. Bf4 Qe7 18. Bf3 Be6 19. Bxb7 Rad8 20. Bf3 Nc4 21. Qe1
Bxe5 22. Bxe5 Nxe5 23. Qxe5 Qxd6 24. Qa5 Qb6+ 1/2-1/2

[Event "2BLW 1819 Aachener SV - SV Mülheim Nor"]
[Site "?"]
[Date "2018.10.21"]
[Round "1.5"]
[White "Stillger, Bernhard"]
[Black "Lemmers, Oscar"]
[Result "1/2-1/2"]
[WhiteElo "2265"]
[BlackElo "2327"]
[PlyCount "29"]
[EventDate "2018.??.??"]

1. d4 d5 2. c4 c6 3. cxd5 cxd5 4. Bf4 Nc6 5. e3 Nf6 6. Nc3 g6 7. Bd3 Bg7 8. h3
O-O 9. Nf3 Bf5 10. Bxf5 gxf5 11. Ne5 Nxe5 12. Bxe5 Ne4 13. Nxe4 fxe4 14. Bxg7
Qa5+ 15. Qd2 1/2-1/2

[Event "2BLW 1819 Aachener SV - SV Mülheim Nor"]
[Site "?"]
[Date "2018.10.21"]
[Round "1.6"]
[White "Sonntag, Hans-Hubert"]
[Black "Van Meegen, Ruud"]
[Result "1/2-1/2"]
[WhiteElo "2346"]
[BlackElo "2228"]
[PlyCount "33"]
[EventDate "2018.??.??"]

1. d4 Nf6 2. Nf3 e6 3. e3 b6 4. Bd3 Bb7 5. O-O d5 6. b3 Bd6 7. Ne5 O-O 8. Bb2
Nbd7 9. Nd2 Ne4 10. f3 Nxd2 11. Qxd2 c5 12. Rad1 Qc7 13. Nxd7 Qxd7 14. Qe2 Qc7
15. f4 Rac8 16. c4 f5 17. Rc1 1/2-1/2

[Event "2BLW 1819 Aachener SV - SV Mülheim Nor"]
[Site "?"]
[Date "2018.10.21"]
[Round "1.7"]
[White "Wittenberg, Andreas"]
[Black "Klein, Felix"]
[Result "1/2-1/2"]
[WhiteElo "2217"]
[BlackElo "2307"]
[PlyCount "82"]
[EventDate "2018.??.??"]

1. d4 d5 2. Nf3 e6 3. c4 dxc4 4. e3 c5 5. Bxc4 Nf6 6. O-O a6 7. dxc5 Bxc5 8.
Qxd8+ Kxd8 9. Ne5 Ke7 10. Rd1 Nbd7 11. Nd3 Bd6 12. a4 b6 13. b3 Bb7 14. Ba3 Ne4
15. f3 Bxa3 16. Nxa3 Nd6 17. e4 Rac8 18. Rd2 Rhd8 19. Rad1 g5 20. Nb4 Nc5 21.
e5 Nxc4 22. bxc4 Rxd2 23. Rxd2 Nxa4 24. Kf2 Rd8 25. Rxd8 Kxd8 26. Ke3 Kd7 27.
Kd4 Nc5 28. Nbc2 g4 29. fxg4 Bxg2 30. Ne3 Be4 31. g5 Kc6 32. Ng4 b5 33. cxb5+
axb5 34. Nf6 Bf5 35. Ne8 Na4 36. Nd6 b4 37. Nac4 b3 38. Na5+ Kd7 39. Nxb3 Bg6
40. Nc5+ Nxc5 41. Kxc5 Ke7 1/2-1/2

[Event "2BLW 1819 Aachener SV - SV Mülheim Nor"]
[Site "?"]
[Date "2018.10.21"]
[Round "1.8"]
[White "Meessen, Rudolf"]
[Black "Bus, Tom"]
[Result "1-0"]
[WhiteElo "2247"]
[BlackElo "2130"]
[PlyCount "101"]
[EventDate "2018.??.??"]

1. d4 Nf6 2. Bg5 d5 3. Bxf6 exf6 4. e3 Bd6 5. g3 O-O 6. Bg2 c6 7. Qd3 Qb6 8. b3
a5 9. a3 g6 10. Nd2 Bf5 11. e4 dxe4 12. Bxe4 Re8 13. Kf1 Bxe4 14. Nxe4 Be7 15.
Nf3 Nd7 16. Kg2 Rad8 17. Qc3 Bf8 18. Ned2 Qa6 19. Nc4 a4 20. b4 f5 21. Rhe1 Nf6
22. Rxe8 Rxe8 23. Nce5 Nd5 24. Qd2 f6 25. Nd3 Qc4 26. Re1 Re4 27. Nb2 Qc3 28.
Qxc3 Nxc3 29. Kf1 b5 30. Ra1 Re2 31. Ne1 Rd2 32. Nbd3 Bh6 33. h4 Kf7 34. Nc5
Rxd4 35. Ned3 Ne4 36. Re1 Nxc5 37. Nxc5 Rc4 38. Rd1 Rxc2 39. Rd7+ Kf8 40. Rxh7
Bc1 41. Rh8+ Ke7 42. Rh7+ Ke8 43. Rh8+ Kf7 44. Rh7+ Kg8 45. Rc7 Bxa3 46. Rc8+
Kf7 47. Rc7+ Ke8 48. Rc8+ Ke7 49. Rc7+ Kd6 50. Rd7+ Ke5 51. f4# 1-0

[Event "2BLW 1819 TSV Schott Mainz - SV Muelhei"]
[Site "?"]
[Date "2018.11.11"]
[Round "2.1"]
[White "Dinstuhl, Volkmar"]
[Black "Lobron, Eric"]
[Result "0-1"]
[WhiteElo "2375"]
[BlackElo "2504"]
[PlyCount "126"]
[EventDate "2018.??.??"]

1. Nf3 Nf6 2. b3 d5 3. Bb2 c5 4. e3 e6 5. c4 Be7 6. Nc3 O-O 7. cxd5 exd5 8. d4
Bg4 9. Be2 Nc6 10. O-O Bxf3 11. Bxf3 cxd4 12. exd4 Qd7 13. Qd3 Rfe8 14. Rae1
Bb4 15. a3 Bxc3 16. Bxc3 h6 17. h3 a6 18. a4 Rac8 19. Rxe8+ Rxe8 20. Rb1 Ne4
21. b4 Na7 22. b5 axb5 23. axb5 Nc8 24. Bb4 Nb6 25. Rc1 f5 26. Bd1 Rc8 27.
Rxc8+ Qxc8 28. f3 Nf6 29. Bc2 Qc4 30. Bc5 Nbd7 31. Qxc4 dxc4 32. Bxf5 Kf7 33.
Kf2 b6 34. Ba3 Nf8 35. Be4 Ne6 36. Ke3 Nxe4 37. fxe4 Nc7 38. Bb4 Nxb5 39. e5
Nc7 40. Ke4 Ke6 41. Bf8 b5 42. Bxg7 h5 43. g4 hxg4 44. hxg4 Nd5 45. Bf8 b4 46.
g5 b3 47. Ba3 Nc3+ 48. Ke3 Kf5 49. Bc1 Nd5+ 50. Kd2 Kxg5 51. Bb2 Kf5 52. Bc3
Ke6 53. Bb2 Kd7 54. Bc3 Kc6 55. Bb2 Kb5 56. Ba3 Ka4 57. Bb2 Kb4 58. e6 c3+ 59.
Bxc3+ Nxc3 60. e7 Ne4+ 61. Kd1 Nd6 62. Kc1 Kc3 63. Kb1 b2 0-1

[Event "2BLW 1819 TSV Schott Mainz - SV Muelhei"]
[Site "?"]
[Date "2018.11.11"]
[Round "2.2"]
[White "Balcerak, Jakob"]
[Black "Rezasade, Amir"]
[Result "1/2-1/2"]
[WhiteElo "2478"]
[BlackElo "2351"]
[PlyCount "56"]
[EventDate "2018.??.??"]

1. d4 d5 2. c4 e6 3. Nc3 Nf6 4. cxd5 Nxd5 5. e4 Nxc3 6. bxc3 c5 7. Rb1 cxd4 8.
cxd4 Be7 9. Nf3 O-O 10. Bc4 Nd7 11. O-O b6 12. Qe2 Bb7 13. a4 Qc7 14. e5 Rfc8
15. Bb3 Nf8 16. Be3 Be4 17. Rbc1 Qb7 18. Bc4 a5 19. Rfd1 Ba3 20. Ra1 Bb4 21.
Ng5 Bxg2 22. f3 Bxf3 23. Nxf3 Rxc4 24. Qxc4 Qxf3 25. Bf2 Qg4+ 26. Kh1 Qe4+ 27.
Kg1 Qg4+ 28. Kh1 Qe4+ 1/2-1/2

[Event "2BLW 1819 TSV Schott Mainz - SV Muelhei"]
[Site "?"]
[Date "2018.11.11"]
[Round "2.3"]
[White "Van Osch, Mees"]
[Black "Cicak, Slavko"]
[Result "0-1"]
[WhiteElo "2281"]
[BlackElo "2496"]
[PlyCount "136"]
[EventDate "2018.??.??"]

1. e4 c5 2. Nf3 d6 3. d4 cxd4 4. Nxd4 Nf6 5. Nc3 Nc6 6. Bg5 e6 7. Qd2 Be7 8.
O-O-O Nxd4 9. Qxd4 O-O 10. h4 h6 11. f3 e5 12. Qg1 Be6 13. Kb1 Rc8 14. Bxf6
Bxf6 15. Qxa7 Bxh4 16. Nd5 Bg5 17. g3 Ra8 18. Qf2 Rxa2 19. Bc4 Qa5 20. Bxa2 Ra8
21. f4 Qxa2+ 22. Kc1 Bxd5 23. exd5 exf4 24. gxf4 Bf6 25. Qf3 Qxb2+ 26. Kd2 Re8
27. Rb1 Qd4+ 28. Kc1 Re3 29. Qg4 Qe4 30. Rd1 Re2 31. Qc8+ Kh7 32. Rxb7 Qxf4+
33. Kb1 Qe5 34. Ka2 Qe4 35. Kb1 Qe5 36. Ka2 Re4 37. Rb8 Rd4 38. Rxd4 Qxd4 39.
c4 h5 40. Qf5+ g6 41. Qc8 Qc3 42. Qg8+ Kh6 43. Qxf7 Qxc4+ 44. Ka3 Kg5 45. Rb4
Qc8 46. Rc4 Qf5 47. Qe8 Qe5 48. Qf7 Qe7 49. Qg8 h4 50. Qc8 Qe2 51. Qh3 Kh6 52.
Rb4 Qe5 53. Rg4 g5 54. Qg2 Qc3+ 55. Ka2 h3 56. Qe2 Qa5+ 57. Kb3 Qxd5+ 58. Ka3
Be5 59. Qf1 Qc5+ 60. Ka4 Qc6+ 61. Ka3 Qc3+ 62. Ka4 Qa1+ 63. Qxa1 Bxa1 64. Rg1
Be5 65. Kb3 h2 66. Rb1 g4 67. Kc4 g3 68. Kd5 g2 0-1

[Event "2BLW 1819 TSV Schott Mainz - SV Muelhei"]
[Site "?"]
[Date "2018.11.11"]
[Round "2.4"]
[White "Schenderowitsch, Michael"]
[Black "Stillger, Bernhard"]
[Result "1-0"]
[WhiteElo "2335"]
[BlackElo "2252"]
[PlyCount "95"]
[EventDate "2018.??.??"]

1. c4 c5 2. Nc3 g6 3. Nf3 Bg7 4. e3 Nf6 5. d4 O-O 6. d5 e6 7. Be2 exd5 8. cxd5
d6 9. Nd2 b6 10. O-O Ba6 11. Re1 Re8 12. h3 Bxe2 13. Rxe2 Na6 14. Nc4 Nc7 15.
a4 Ne4 16. Nxe4 Rxe4 17. Qd3 f5 18. Bd2 Qd7 19. f3 Re7 20. Bc3 Bxc3 21. bxc3
Rf8 22. Raa2 Ne8 23. e4 fxe4 24. Rxe4 Rxe4 25. fxe4 Nf6 26. Rf2 Qe7 27. Re2 Nh5
28. Qe3 Nf4 29. Rf2 g5 30. Kh2 Re8 31. Qg3 Kh8 32. Rf3 Rd8 33. Re3 h6 34. e5
Nxd5 35. exd6 Qf6 36. Rf3 Nf4 37. Qe1 Qe6 38. Qxe6 Nxe6 39. Rf7 Nf8 40. Rxa7
Nd7 41. Rb7 Kg8 42. Nxb6 Nxb6 43. Rxb6 Kf7 44. a5 Ke6 45. a6 Rd7 46. Rb7 Rxd6
47. a7 Ra6 48. Rb6+ 1-0

[Event "2BLW 1819 TSV Schott Mainz - SV Muelhei"]
[Site "?"]
[Date "2018.11.11"]
[Round "2.5"]
[White "Van Meegen, Ruud"]
[Black "Cremer, Kevin"]
[Result "1/2-1/2"]
[WhiteElo "2247"]
[BlackElo "2226"]
[PlyCount "102"]
[EventDate "2018.??.??"]

1. d4 e6 2. c4 b6 3. e4 Bb4+ 4. Bd2 Bxd2+ 5. Nxd2 e5 6. dxe5 Nc6 7. Ngf3 Qe7 8.
Bd3 Nh6 9. h3 Bb7 10. Qc2 g5 11. Qc3 O-O-O 12. O-O-O g4 13. Nd4 Nxe5 14. Be2 c5
15. Nc2 f5 16. hxg4 Nhxg4 17. f4 Ng6 18. Bxg4 fxg4 19. g3 h5 20. Rhe1 h4 21.
Ne3 hxg3 22. Nf5 Qh7 23. Nd6+ Kb8 24. f5 Nf4 25. Qxg3 Qh2 26. Qxh2 Rxh2 27. Nf1
Rh3 28. Re3 g3 29. Nd2 g2 30. Rxh3 Nxh3 31. Nf3 Rg8 32. f6 Rf8 33. f7 Kc7 34.
Ne8+ Kd8 35. Nd6 Bc6 36. Ne5 Bxe4 37. Nxe4 g1=Q 38. Rxg1 Nxg1 39. Ng5 Ne2+ 40.
Kd2 Nf4 41. Nh7 Ne6 42. Nxf8 Nxf8 43. Ke3 Ke7 44. Ke4 Ke6 45. a3 Nh7 46. Kf4 d6
47. Nc6 a6 48. Nb8 a5 49. a4 Nf8 50. Ke4 Nh7 51. Kf4 Nf8 1/2-1/2

[Event "2BLW 1819 TSV Schott Mainz - SV Muelhei"]
[Site "?"]
[Date "2018.11.11"]
[Round "2.6"]
[White "Goebel, Constantin"]
[Black "Wittenberg, Andreas"]
[Result "1-0"]
[WhiteElo "2214"]
[BlackElo "2232"]
[PlyCount "81"]
[EventDate "2018.??.??"]

1. e4 e6 2. d4 d5 3. Nc3 Nc6 4. Nf3 Nf6 5. e5 Ne4 6. Bd3 Bb4 7. Bd2 Nxd2 8.
Qxd2 f6 9. a3 Ba5 10. b4 Bb6 11. Bb5 Bd7 12. O-O O-O 13. Rae1 f5 14. Nxd5 exd5
15. e6 Bxe6 16. Rxe6 Ne7 17. Rfe1 Ng6 18. Be8 Nh4 19. Ng5 h6 20. Nf7 Rxf7 21.
Bxf7+ Kxf7 22. Re7+ Qxe7 23. Rxe7+ Kxe7 24. Qe2+ Kf8 25. Qh5 Re8 26. Kf1 Bxd4
27. Qxh4 Bf6 28. Qf4 Re5 29. Qf3 Ke7 30. Qc3 Kd7 31. Qc5 b6 32. Qb5+ Kc8 33.
Qc6 Kb8 34. a4 Re4 35. a5 bxa5 36. bxa5 Kc8 37. a6 d4 38. Qb7+ Kd7 39. Qxa7 Re6
40. Qb7 Rb6 41. Qxb6 1-0

[Event "2BLW 1819 TSV Schott Mainz - SV Muelhei"]
[Site "?"]
[Date "2018.11.11"]
[Round "2.7"]
[White "Bus, Tom"]
[Black "Bewersdorff, Oliver"]
[Result "1/2-1/2"]
[WhiteElo "2125"]
[BlackElo "2284"]
[PlyCount "45"]
[EventDate "2018.??.??"]

1. c4 c5 2. g3 g6 3. Bg2 Bg7 4. Nc3 Nc6 5. Nf3 d6 6. O-O Nf6 7. d4 cxd4 8. Nxd4
Bd7 9. b3 O-O 10. Bb2 Qa5 11. e3 Rfc8 12. h3 a6 13. Qe2 Rab8 14. Rfd1 Qd8 15.
Nf3 Qf8 16. Rac1 Na7 17. e4 Bh6 18. Rc2 b5 19. g4 Ne8 20. e5 bxc4 21. bxc4 Be6
22. Nd5 Nc6 23. Bc3 1/2-1/2

[Event "2BLW 1819 TSV Schott Mainz - SV Muelhei"]
[Site "?"]
[Date "2018.11.11"]
[Round "2.8"]
[White "Werner, Dimo"]
[Black "Oltmanns, Jan"]
[Result "1/2-1/2"]
[WhiteElo "1993"]
[BlackElo "2028"]
[PlyCount "74"]
[EventDate "2018.??.??"]

1. d4 Nf6 2. c4 Nc6 3. Nf3 e6 4. a3 d6 5. Nc3 g6 6. e4 Bg7 7. h3 O-O 8. Be3 e5
9. d5 Ne7 10. g4 Ne8 11. g5 f5 12. gxf6 Nxf6 13. Nd2 Nh5 14. Qc2 c6 15. O-O-O
cxd5 16. cxd5 a6 17. Kb1 Bd7 18. Rc1 Nf4 19. Qb3 b5 20. Na2 Rc8 21. Qb4 Rxc1+
22. Nxc1 Qc7 23. Ndb3 Nexd5 24. exd5 Bf5+ 25. Ka2 Qc2 26. Nd2 Qxc1 27. Bg2 Qc2
28. Be4 Bxe4 29. Qxe4 Nd3 30. Rb1 b4 31. Qc4 b3+ 32. Ka1 Rb8 33. Qe4 Rc8 34.
Qa4 e4 35. Qxb3 Rc3 36. Qb8+ Kf7 37. Qxd6 Nxb2 1/2-1/2

[Event "2BLW 1819 Bochumer SV 02 - Aachener SV"]
[Site "?"]
[Date "2018.11.11"]
[Round "2.1"]
[White "Seel, Christian"]
[Black "Zaitsev, Mikhail"]
[Result "1-0"]
[WhiteElo "2477"]
[BlackElo "2487"]
[PlyCount "103"]
[EventDate "2018.??.??"]

1. Nf3 d5 2. d4 Nf6 3. c4 c6 4. cxd5 cxd5 5. Nc3 Nc6 6. Bf4 Ne4 7. e3 Nxc3 8.
bxc3 g6 9. Ne5 Bg7 10. Nxc6 bxc6 11. Qa4 Bd7 12. Ba6 c5 13. Qa3 cxd4 14. cxd4
Bc8 15. O-O Bxa6 16. Qxa6 O-O 17. Rab1 Qc8 18. Rb7 Bf6 19. h3 g5 20. Bg3 h5 21.
a4 Re8 22. Qb5 Rd8 23. Be5 Bxe5 24. dxe5 Rb8 25. Rb1 Rxb7 26. Qxb7 Qxb7 27.
Rxb7 d4 28. Kf1 dxe3 29. fxe3 Rd5 30. Rxe7 Ra5 31. e6 fxe6 32. Rxe6 Rxa4 33.
Rg6+ Kf7 34. Rxg5 h4 35. Rg4 Ra2 36. Rxh4 Ke6 37. Re4+ Kd5 38. Rd4+ Kc5 39. h4
a5 40. h5 a4 41. h6 Ra1+ 42. Kf2 a3 43. Ra4 Kd5 44. g4 Rh1 45. g5 a2 46. Rxa2
Rh2+ 47. Kg3 Rxa2 48. h7 Ra8 49. g6 Ke6 50. g7 Kf7 51. h8=Q Rg8 52. Kf4 1-0

[Event "2BLW 1819 Bochumer SV 02 - Aachener SV"]
[Site "?"]
[Date "2018.11.11"]
[Round "2.2"]
[White "Zatonskih, Anna"]
[Black "Koch, Thomas"]
[Result "1-0"]
[WhiteElo "2422"]
[BlackElo "2479"]
[PlyCount "79"]
[EventDate "2018.??.??"]

1. d4 Nf6 2. c4 e6 3. Nf3 b6 4. g3 Ba6 5. b3 Bb7 6. Bg2 Bb4+ 7. Bd2 a5 8. O-O
O-O 9. Bc3 d5 10. Qc2 Be7 11. Rd1 a4 12. Nbd2 axb3 13. axb3 Na6 14. Qb2 c5 15.
dxc5 bxc5 16. cxd5 exd5 17. Nc4 Nb4 18. Nh4 Rxa1 19. Qxa1 Qc8 20. Ne3 d4 21.
Nef5 Nbd5 22. Bb2 Re8 23. e3 dxe3 24. fxe3 Qe6 25. e4 Nxe4 26. Nxg7 Qg4 27.
Nhf5 Bg5 28. Re1 Ra8 29. Qb1 Nd2 30. Qd3 Qb4 31. Qe2 Nc7 32. h4 Nf3+ 33. Bxf3
Bxf3 34. Qf2 Ra2 35. Rf1 Qxb3 36. hxg5 Rxb2 37. Qxf3 Qxf3 38. Rxf3 c4 39. Rc3
Rb4 40. Nh5 1-0

[Event "2BLW 1819 Bochumer SV 02 - Aachener SV"]
[Site "?"]
[Date "2018.11.11"]
[Round "2.3"]
[White "Piceu, Tom"]
[Black "Illner, Achim"]
[Result "1/2-1/2"]
[WhiteElo "2348"]
[BlackElo "2468"]
[PlyCount "40"]
[EventDate "2018.??.??"]

1. d4 Nf6 2. Nf3 e6 3. e3 b6 4. Bd3 Bb7 5. O-O c5 6. Nbd2 Nc6 7. c3 Qc7 8. Re1
Be7 9. a3 d5 10. b4 O-O 11. dxc5 bxc5 12. e4 Ne5 13. Bb1 dxe4 14. Nxe4 Rad8 15.
Qe2 cxb4 16. cxb4 Bxe4 17. Bxe4 Nxe4 18. Qxe4 Nd3 19. Rf1 Bf6 20. Rb1 Qc3 {(=)}
1/2-1/2

[Event "2BLW 1819 Bochumer SV 02 - Aachener SV"]
[Site "?"]
[Date "2018.11.11"]
[Round "2.4"]
[White "Kiese, Matthias"]
[Black "Lemmers, Oscar"]
[Result "1/2-1/2"]
[WhiteElo "2215"]
[BlackElo "2328"]
[PlyCount "45"]
[EventDate "2018.??.??"]

1. d4 c5 2. d5 Nf6 3. Nc3 g6 4. e4 d6 5. Nf3 Bg7 6. Bb5+ Bd7 7. a4 O-O 8. h3
Na6 9. O-O Nc7 10. Bxd7 Nxd7 11. Qe2 a6 12. a5 Qe8 13. Bf4 f6 14. Ra3 Rb8 15.
Rb3 b5 16. axb6 Rxb6 17. Rxb6 Nxb6 18. Ra1 Kh8 19. Qd3 Qb8 20. Re1 Qe8 21. Ra1
Qb8 22. Re1 Qe8 23. Ra1 1/2-1/2

[Event "2BLW 1819 Bochumer SV 02 - Aachener SV"]
[Site "?"]
[Date "2018.11.11"]
[Round "2.5"]
[White "Klein, Felix"]
[Black "Jellinghaus, Lars"]
[Result "1-0"]
[WhiteElo "2318"]
[BlackElo "2216"]
[PlyCount "55"]
[EventDate "2018.??.??"]

1. e4 e6 2. d4 d5 3. Nc3 Nf6 4. e5 Nfd7 5. f4 c5 6. Nf3 Nc6 7. Be3 cxd4 8. Nxd4
Bc5 9. Qd2 O-O 10. O-O-O a6 11. Qf2 Bxd4 12. Bxd4 b5 13. Be3 b4 14. Na4 a5 15.
h4 Qc7 16. h5 f6 17. h6 fxe5 18. hxg7 Rf7 19. Bd3 e4 20. Nb6 Nxb6 21. Rxh7 Rxg7
22. Bxb6 Qf7 23. Rxg7+ Qxg7 24. Bb5 Ne7 25. Rh1 Ng6 26. Be8 e5 27. Bxg6 Qxg6
28. Qh4 1-0

[Event "2BLW 1819 Bochumer SV 02 - Aachener SV"]
[Site "?"]
[Date "2018.11.11"]
[Round "2.6"]
[White "Pewny, Uwe"]
[Black "Meessen, Rudolf"]
[Result "1/2-1/2"]
[WhiteElo "2190"]
[BlackElo "2267"]
[PlyCount "40"]
[EventDate "2018.??.??"]

1. e4 e6 2. d4 d5 3. Nc3 Nf6 4. e5 Nfd7 5. f4 c5 6. Nf3 Nc6 7. Be3 cxd4 8. Nxd4
Bc5 9. Qd2 O-O 10. O-O-O Bxd4 11. Bxd4 Qa5 12. Kb1 Rb8 13. Nb5 Qxd2 14. Rxd2 a6
15. Nd6 Nxd4 16. Rxd4 f6 17. exf6 Nxf6 18. Nxc8 Rbxc8 19. Bd3 g6 20. Re1 Rc6 {
(=)} 1/2-1/2

[Event "2BLW 1819 Bochumer SV 02 - Aachener SV"]
[Site "?"]
[Date "2018.11.11"]
[Round "2.7"]
[White "Coenen, Norbert"]
[Black "Schneider, Bernd"]
[Result "1/2-1/2"]
[WhiteElo "2296"]
[BlackElo "2366"]
[PlyCount "29"]
[EventDate "2018.??.??"]

1. e4 g6 2. d4 Bg7 3. Nc3 d6 4. h3 Nf6 5. Be3 Nbd7 6. Nf3 e5 7. dxe5 dxe5 8.
Bc4 O-O 9. O-O c6 10. Qd6 Ne8 11. Qd2 b5 12. Bb3 Qe7 13. a3 Nc5 14. Ba2 Nf6 15.
Bg5 {(=)} 1/2-1/2

[Event "2BLW 1819 Bochumer SV 02 - Aachener SV"]
[Site "?"]
[Date "2018.11.11"]
[Round "2.8"]
[White "Heinbuch, Detlef Ulrich"]
[Black "Titgemeyer, Sven"]
[Result "1-0"]
[WhiteElo "2290"]
[BlackElo "2065"]
[PlyCount "103"]
[EventDate "2018.??.??"]

1. c4 e6 2. g3 d5 3. Nf3 Nf6 4. Bg2 c5 5. cxd5 exd5 6. d4 Nc6 7. O-O Be7 8. Nc3
O-O 9. Bg5 Bg4 10. dxc5 d4 11. Bxf6 Bxf6 12. Ne4 Re8 13. Ne1 Be5 14. Nd3 Qd7
15. Re1 Bc7 16. Nd2 Re7 17. a3 Rae8 18. Nf3 Ne5 19. Nfxe5 Bxe5 20. Rc1 Bb8 21.
Bf3 Bxf3 22. exf3 Rxe1+ 23. Nxe1 Be5 24. Nd3 Bf6 25. Qc2 h6 26. Re1 Rxe1+ 27.
Nxe1 Qc6 28. b4 b6 29. cxb6 Qxc2 30. Nxc2 axb6 31. Ne1 Kf8 32. Kf1 Ke7 33. Ke2
Kd6 34. Kd3 Kd5 35. f4 b5 36. f5 Bg5 37. f4 Bd8 38. Nf3 Bb6 39. Ne5 f6 40. Ng6
Bd8 41. Nf8 Bb6 42. Ne6 g5 43. fxg5 hxg5 44. h4 gxh4 45. gxh4 Ke5 46. Ng7 Kf4
47. h5 Kg5 48. Ke4 Kh6 49. Ne6 Kxh5 50. Nxd4 Bxd4 51. Kxd4 Kg4 52. a4 1-0

[Event "2BLW 1819 SC Remagen Sinzig - SV Oberur"]
[Site "?"]
[Date "2018.11.11"]
[Round "2.1"]
[White "Dubiel, Jacek"]
[Black "Dgebuadze, Alexandre"]
[Result "1/2-1/2"]
[WhiteElo "2434"]
[BlackElo "2485"]
[PlyCount "46"]
[EventDate "2018.??.??"]

1. e4 e6 2. d4 d5 3. exd5 exd5 4. Nf3 Nf6 5. Bd3 Be7 6. h3 c5 7. dxc5 Na6 8.
Be3 Nxc5 9. Bxc5 Bxc5 10. Qe2+ Be6 11. Bb5+ Kf8 12. O-O Ne4 13. b4 Bb6 14. Qd3
a6 15. Ba4 Qf6 16. c3 Bxh3 17. Qxd5 Bxg2 18. Kxg2 Qg6+ 19. Kh1 Bc7 20. Bc2 Qh6+
21. Kg2 Qg6+ 22. Kh1 Qh6+ 23. Kg2 Qg6+ 1/2-1/2

[Event "2BLW 1819 SC Remagen Sinzig - SV Oberur"]
[Site "?"]
[Date "2018.11.11"]
[Round "2.2"]
[White "Popovic, Petar"]
[Black "Heinz, Axel"]
[Result "1/2-1/2"]
[WhiteElo "2446"]
[BlackElo "2440"]
[PlyCount "35"]
[EventDate "2018.??.??"]

1. e4 e5 2. Nf3 Nc6 3. Nc3 Nf6 4. Bb5 Nd4 5. O-O Nxb5 6. Nxb5 c6 7. Nc3 d6 8.
d4 Qc7 9. h3 Be7 10. a4 O-O 11. Re1 Re8 12. b3 b6 13. Bb2 a6 14. Qd3 Bb7 15.
dxe5 dxe5 16. Ne2 Bb4 17. Red1 c5 18. Ng3 1/2-1/2